ARRUPE JESUIT UNIVERSITY

CORONAVIRUS -STOP THE SPREAD - CLEAN,DISINFECT,COVER

Implicit learning and knowledge (Record no. 131011)

MARC details
000 -LEADER
fixed length control field 00618nam a22001817a 4500
008 - FIXED-LENGTH DATA ELEMENTS--GENERAL INFORMATION
fixed length control field 211027b ||||| |||| 00| 0 eng d
020 ## - INTERNATIONAL STANDARD BOOK NUMBER
International Standard Book Number 019510658x
050 ## - LIBRARY OF CONGRESS CALL NUMBER
Classification number BF319.5.145 R43 1993
100 ## - MAIN ENTRY--PERSONAL NAME
Personal name Reber, Authur S.
9 (RLIN) 50751
245 ## - TITLE STATEMENT
Title Implicit learning and knowledge
Remainder of title an essay on the cognitive unconscious
Statement of responsibility, etc /by Arthur Reber B.
260 ## - PUBLICATION, DISTRIBUTION, ETC. (IMPRINT)
Place of publication, distribution, etc New York:
Name of publisher, distributor, etc Oxford University Press
Date of publication, distribution, etc c1193
300 ## - PHYSICAL DESCRIPTION
Extent xii,188p.;
Dimensions 23cm.
440 ## - SERIES STATEMENT/ADDED ENTRY--TITLE
Title Oxford Psychology
Number of part/section of a work no. 19
9 (RLIN) 50752
650 ## - SUBJECT ADDED ENTRY--TOPICAL TERM
Topical term or geographic name as entry element Implicit learning
9 (RLIN) 50753
650 ## - SUBJECT ADDED ENTRY--TOPICAL TERM
Topical term or geographic name as entry element Unconscious( Psychology)
9 (RLIN) 50754
650 ## - SUBJECT ADDED ENTRY--TOPICAL TERM
Topical term or geographic name as entry element Cognition
9 (RLIN) 2049
942 ## - ADDED ENTRY ELEMENTS (KOHA)
Source of classification or shelving scheme Library of Congress Classification
Item type Monograph ( Printed materials)
Holdings
Withdrawn status Lost status Source of classification or shelving scheme Damaged status Not for loan Collection code Home library Current library Shelving location Date acquired Total Checkouts Full call number Barcode Date last seen Copy number Price effective from Koha item type
    Library of Congress Classification     Main Collection ARRUPE LIBRARY ARRUPE LIBRARY Main Collection 27/10/2021   BF319.5.145R43 1993 46600007741 27/10/2021 1 27/10/2021 Monograph ( Printed materials)

 

Arrupe Library. PO Box MP320 Mt Pleasant, Harare, Zimbabwe
263 242 745411|librarian@aju.ac.zw